Programming in Java / (Record no. 37637)

MARC details
000 -LEADER
fixed length control field 00678nam a22001937a 4500
005 - DATE AND TIME OF LATEST TRANSACTION
control field 20100726111232.0
010 ## - LCCN (DPL NO)
LC control number ENG-96880
020 ## - INTERNATIONAL STANDARD BOOK NUMBER
International Standard Book Number 9788190807470
Terms of availability 115.00
035 ## - SYSTEM CONTROL NUMBER
System control number EN-80413
037 ## - SOURCE OF ACQUISITION
Source of stock number/acquisition DBAD/PUB
082 ## - DEWEY DECIMAL CLASSIFICATION NUMBER
Classification number 005.133
100 ## - MAIN ENTRY--PERSONAL NAME
Personal name Dharmarajan, R.
245 ## - TITLE STATEMENT
Title Programming in Java /
Statement of responsibility, etc by R. Dharmarajan
260 ## - PUBLICATION, DISTRIBUTION, ETC. (IMPRINT)
Place of publication, distribution, etc Coimbatore
Name of publisher, distributor, etc Navayuga Bharati "Maruthi Nivasan"
Date of publication, distribution, etc n.d
270 ## - ADDRESS
Address No.36/1, 14th Cross Street,Thirumagal Nagar, Peelamedu Puthur,
City Coimbatore
Postal code 641004
300 ## - PHYSICAL DESCRIPTION
Extent 160p.
Dimensions 20cm, (pbk)
942 ## - ADDED ENTRY ELEMENTS (KOHA)
Source of classification or shelving scheme Dewey Decimal Classification
Item type English Books
Call number suffix DHA
Holdings
Withdrawn status Lost status Not for loan Collection code Home library Current library Date acquired Source of acquisition Cost, normal purchase price Full call number Barcode Copy number Cost, replacement price Koha item type
    Not For Loan Non-fiction D.B.Act.Division D.B.Act.Division 26/07/2010 DBAD/PUB 115.00 DHA EN-80413 1 115.00 English Books

© Delhi Public Library
Hit Counter
free hit counter